| 000 | 00626nam a22001817a 4500 | ||
|---|---|---|---|
| 999 |
_c157736 _d157736 |
||
| 005 | 20180927160019.0 | ||
| 010 | _aENG-124095 | ||
| 020 | _c260.00 | ||
| 035 | _aEN-107627 | ||
| 037 | _bDBAD/PUB | ||
| 082 | _a808.84 | ||
| 245 |
_aAyyanu's book of impressive essays: _ced. by Shrinivasan S. Raghavan _bcollection of english essays for academic and competitive exams. / |
||
| 260 |
_c2016 _aChannai _bAKS Books World |
||
| 270 |
_bChannai _aNew No.-12,Old No.-28,Souderrajan Street, T. Nagar, _e600017 |
||
| 300 |
_a224p. _c20cm.(pbk) |
||
| 700 | _aRaghavan, Srinivasan S. | ||
| 942 |
_2ddc _cEN _h808.84 _mAYY |
||